01837cam a22004097a 4500003000500000005001700005008004100022010001000063011001000073035001000083040000900093090001000102100004600112245026200158260004100420300003100461502008300492590003700575590004100612590004100653590004100694590004200735650003300777650002400810650004800834650003800882650003000920650004000950901000700990905002400997942000901021949006201030949005001092999001701142952014001159952012801299CHAP20220817043840.0020805d2002 mx r 00110 spa d a86042 a87014 a97555 cCHAP aTesis00aCastellanos Castro, Flor de Maria.91998910aPropuesta de aplicación del análisis de riesgos e identificación de puntos críticos de control (HACCP) en el almacenamiento, procesamiento y servicio de alimentos en el comedor de la empresa Sodexho, Méxicoc/por Flor de María Castellanos Castro aChapingo, Méx. :bEl autor,c2002. a94 h. :bgráfs. + anexos aTesis (Ing. Agroindustrial) -- UACH. Departamento de Ingenieria Agroindustrial aALEPHb10c20130110lUCH01h1447 aBATCH-UPDb10c20130110lUCH01h0545 aBATCH-UPDb10c20130410lUCH01h0226 aBATCH-UPDb10c20130914lUCH01h0202 aCONVERSIONb10c20130109lUCH01h134814aAlimentosxAnálisis.9416414aAlimentosxCalidad.14aAlimentosxConservación por frío.9418014aAlimentosxContaminación.9420514aAlimentosxControl.9421114aMicroorganismos patógenos.975528 aBK aMayto Villalobos S. cFOLL aTesisbBCcTESd33724000849881eTS2fc.2h39570i97555sb aTesisbBCcTESd9755512eTS1h39569i97555sb c86042d86042 00102local4053708TESISaBCbBCcPA_TESISd2019-12-31fTESISl0oTesisp33724000849881r2019-12-31 00:00:00tc.2w2019-12-31yTESIS 00102local4051708TESISaBCbBCcPA_TESISd2019-12-31fTESISl0oTesisp9755512r2019-12-31 00:00:00w2019-12-31yTESIS